Účtovná závierka ako zdroj environmentálnych informácií bakalárska práca

Saved in:
Bibliographic Details
Main Author: Palušková, Lucia
Corporate Author: Fakulta hospodárskej informatiky EU. Katedra účtovníctva a audítorstva
Other Authors: Dubielová, Veronika
Format: Book
Language:Slovak
Published: Bratislava 2011
Tags: Add Tag
No Tags, Be the first to tag this record!

MARC

LEADER 00000nbm a2200000 4500
001 0141239
005 20161109111744.6
041 0 |a slo 
044 |a SK 
245 1 0 |a Účtovná závierka ako zdroj environmentálnych informácií  |b bakalárska práca  |c Lucia Palušková ; školiteľ: Veronika Dubielová 
264 1 |a Bratislava  |c 2011 
300 |a 35 s. 
100 1 |a Palušková, Lucia 
700 1 |a Dubielová, Veronika 
710 2 |a Fakulta hospodárskej informatiky EU. Katedra účtovníctva a audítorstva